Spain Law Articles in English

Bibliographic Details
Format: Unknown
Language:English
Published: London : Mondaq, 2008
Subjects:
Online Access:Acceso restringido

MARC

LEADER 00000ny a22000003n 4500
005 20110610150525.0
008 071017c20089999us m p s 0 | eng d
035 |a 1877 
040 |a BUS  |d vLex 
090 |c 643  |d 643 
245 0 0 |a Spain Law Articles in English  |h [Recurso electrn̤ico] 
256 |a Servicio en ln̕ea 
260 |a London :  |b Mondaq,  |c 2008 
300 |a p. ;  |c cm 
650 0 4 |a Derecho  |z Espaą 
740 0 |a vLex Revistas (Servicios en ln̕ea) 
856 4 0 |u http://vlex.com/source/1877  |z Acceso restringido 
942 |c REV 
999 0 |a Law  |b London